Systémy pro zpětné získavání tepla z odsávaného vzduchu

Bibliographic Details
Main Author: Vacek, Jaroslav (Author)
Format: Article
Language:Czech
Slovak
PhysicalDescription:Tb. 1.
Subjects:

MARC

LEADER 00000nab a2200000 a 4500
001 vtls000418858
003 SK-MaSNL
005 20260302234958.0
008 160201c1988 xo 0 cze
015 |a SNBRA19rr/mm-uuuuu 
035 |a CL0418983 
040 |a SNKBUCL  |b slo  |c SNKBUCL  |e AACR2 
041 0 |a slo 
044 |a xo  |c SK 
080 |a 620.97:662.994:697.7  |2 1981 
080 |a 662.994  |2 1981 
080 |a 697.7  |2 1981 
100 1 |a Vacek, Jaroslav  |4 aut  |9 463119 
245 1 0 |a Systémy pro zpětné získavání tepla z odsávaného vzduchu  |c Jaroslav Vacek 
300 |b Tb. 1. 
650 0 7 |a teplo  |2 snkbucl  |9 14005 
650 0 7 |a regenerátory tepla  |2 snkbucl  |9 971010 
655 7 |a články zo zborníkov  |2 snkbucl  |9 166140 
773 0 |t Využitie doplnkových zdrojov energie  |d Bratislava : Dom techniky ČSVTS, 1988  |g S. 51-52 
850 |a Slovenská národná knižnica v Martine  |a MTA001 
852 |a SNK  |b KIS3GCP 
958 |a RK 
958 |a CZ 
992 |a RZB 
999 |c 1552811  |d 1554741